Nghiên cứu đất phân T.4

Tập hợp 21 công trình nghiên cứu của Việt Nam và nước ngoài về đất trồng và phân bón. Đặc tính của các loại đất miền núi, đá vôi. Một số loại phân bón hữu cơ và vô cơ trong trồng trọt...

Kaydedildi:
Detaylı Bibliyografya
Materyal Türü: Kitap
Dil:Vietnamese
Baskı/Yayın Bilgisi: H. Khoa học và kỹ thuật 1974
Konular:
Etiketler: Etiketle
Etiket eklenmemiş, İlk siz ekleyin!
Thư viện lưu trữ: Mạng thư viện Đại học Đà Nẵng
LEADER 01009nam a22003018a 4500
001 000008932
003 5126
005 20111021161016.0
008 111021s1974 b 000 0 vieod
020 |c 1,55đ  |d 1715b 
041 0 |a vie 
084 |a M 
245 1 0 |a Nghiên cứu đất phân  |n T.4 
260 |a H.  |b Khoa học và kỹ thuật  |c 1974 
300 |a 440tr  |c 19cm 
500 |a ĐTTS ghi: Uỷ ban KH và KT nhà nước. Ban KH Nông lâm nghiệp 
505 |a T.4 
520 |a Tập hợp 21 công trình nghiên cứu của Việt Nam và nước ngoài về đất trồng và phân bón. Đặc tính của các loại đất miền núi, đá vôi. Một số loại phân bón hữu cơ và vô cơ trong trồng trọt... 
653 |a Đất 
653 |a phân bón 
OWN |a LSP 
999 |a From the UDN01 
TYP |a Monograph 
TYP |a Printed language 
980 |a Mạng thư viện Đại học Đà Nẵng